书目信息 |
| 题名: |
欧洲文论简史
|
|
| 作者: | 伍蠡甫 , 翁义钦 著 | |
| 分册: | ||
| 出版信息: | 北京 人民文学出版社 2004 |
|
| 页数: | 494页 | |
| 开本: | 21cm | |
| 丛书名: | 中国文库 | |
| 单 册: | ||
| 中图分类: | I500.6 | |
| 科图分类: | ||
| 主题词: | 文学批评史--欧洲 , 文学批评史 | |
| 电子资源: | ||
| ISBN: | 7-02-004545-6 | |
| 000 | 00967oam2 2200289 450 | |
| 001 | 1236155956 | |
| 005 | 20121013100315.28 | |
| 010 | @a7-02-004545-6@dCNY22.00 | |
| 100 | @a20060104d2004 em y0chiy50 ea | |
| 101 | 0 | @achi |
| 102 | @aCN@b110000 | |
| 105 | @ay z 000yy | |
| 200 | 1 | @a欧洲文论简史@Aou zhou wen lun jian shi@f伍蠡甫,翁义钦著 |
| 210 | @a北京@c人民文学出版社@d2004 | |
| 215 | @a494页@d21cm | |
| 225 | 2 | @a中国文库@i文学类 |
| 308 | @a文库第一辑 | |
| 330 | @a本书扼要论述欧洲自古代希腊到19世纪末文艺批评理论的发展简况,以时代背景为经,批评家与批评流派为纬,每一时代均结合其政治概况的哲学、美学思潮,列举有代表性的文学批评理论和主要论点。 | |
| 461 | 0 | @12001 @a中国文库 |
| 462 | 0 | @12001 @a文学类 |
| 606 | 0 | @a文学批评史@y欧洲 |
| 606 | 0 | @a文学批评史 |
| 690 | @aI500.6@v4 | |
| 701 | 0 | @a伍蠡甫@Awu li fu@f(1900~1992)@4著 |
| 701 | 0 | @a翁义钦@Aweng yi qin@f(1934.2~)@4著 |
| 801 | 0 | @aCN@bNLC@c20101222 |
| 905 | @a10447@dI500.6@eJY21 | |
| 欧洲文论简史/伍蠡甫,翁义钦著.-北京:人民文学出版社,2004 |
| 494页;21cm.-(中国文库.文学类) |
| ISBN 7-02-004545-6:CNY22.00 |
| 本书扼要论述欧洲自古代希腊到19世纪末文艺批评理论的发展简况,以时代背景为经,批评家与批评流派为纬,每一时代均结合其政治概况的哲学、美学思潮,列举有代表性的文学批评理论和主要论点。 |
| ● |
| 相关链接 |
|
|
|
|
正题名:欧洲文论简史
索取号:I500.6/JY21
 
预约/预借
| 序号 | 登录号 | 条形码 | 馆藏地/架位号 | 状态 | 备注 |
| 1 | 7816034 | 278160348 | 学院路分馆/ [索取号:I500.6/JY21] | 在馆 | |
| 2 | 7816035 | 278160357 | 学院路分馆/ [索取号:I500.6/JY21] | 在馆 | |
| 3 | 7816036 | 278160366 | 学院路分馆/ [索取号:I500.6/JY21] | 在馆 | |
| 4 | 7816037 | 278160375 | 学院路分馆/ [索取号:I500.6/JY21] | 在馆 |